| 000 | 00985cam a2200265 a 4500 | ||
|---|---|---|---|
| 001 | 000014967 | ||
| 005 | 20200929163931.0 | ||
| 008 | 941012s1993 sp a c 000 0 spa | ||
| 010 | _a94217944 | ||
| 035 | _a(CStRLIN)NYCGAGY7249-B | ||
| 040 |
_aDO-SdBNP _cDLC _dDLC |
||
| 043 | _ae-sp--- | ||
| 050 | 0 | 0 |
_aN7108 _b.C576 1993 |
| 245 | 0 | 3 | _aLa coleccion de arte mas viajera. |
| 260 |
_a[Madrid : _bs.n., _c1993]. |
||
| 300 |
_a73 p. : _bcol. ill. ; _c30 cm. |
||
| 500 | _a"Coleccion El aire" -- Cover. | ||
| 500 | _aCatalog of an exhibition of works by contemporary Spanish artists commissioned by Iberia airline and exhibited at various international locations. | ||
| 650 | 0 |
_aArt, spanish _y20th century _vExhibitions. _933881 |
|
| 610 | 2 | 0 |
_aIberia (Airline) _xArt collections _vExhibitions. _933882 |
| 650 | 0 |
_aArt _xPrivate collections _zSpain _vExhibitions. _933883 |
|
| 710 | 2 |
_aIberia (Airline) _933884 |
|
| 740 | 0 | _aColeccion El aire. | |
| 910 | _aCatalogación por copia / LC | ||
| 999 |
_c14542 _d14542 |
||